Gaming Quiz

Random Gaming Quiz

MTG: Creatures with X in their casting cost Quiz Stats

 Plays Quiz not verified by Sporcle

Score 0/33 Timer 10:00
0 Plays Today
set creature % Correct
Ravnica AllegianceHydroid Krasis
73.1%
Core Set 2020Voracious Hydra
70%
Throne of EldraineStonecoil Serpent
66.7%
Throne of EldraineGadwick, the Wizened
66.7%
Aether RevoltWalking Ballista
66.3%
Battle for ZendikarEndless One
65.3%
War of the SparkUgin's Conjurant
61.1%
Magic OriginsHangarback Walker
56.2%
Magic 2015Genesis Hydra
46.3%
AlphaRock Hydra
42.1%
ConfluxApocalypse Hydra
42.1%
Guilds of RavnicaChamber Sentry
40%
Magic 2012Primordial Hydra
33.1%
TherosMistcutter Hydra
33.1%
Dragon's MazeSavageborn Hydra
31.4%
Khans of TarkirHooded Hydra
30.6%
StrongholdShifting Wall
29.8%
set creature % Correct
Saviors of KamigawaMaga, Traitor to Mortals
29.8%
OdysseyIvy Elemental
28.1%
Magic 2010Protean Hydra
24.8%
Guilds of RavnicaWorldsoul Colossus
24.4%
Shadows over InnistradAltered Ego
24%
InnistradMikaeus, the Lunarch
22.3%
Core Set 2019Hungering Hydra
20.8%
TempestKrakilin
18.2%
Shards of AlaraFeral Hydra
18.2%
Battle for ZendikarSkyrider Elf
18.2%
Ice AgeBalduvian Hydra
16.5%
ColdstnapLightning Serpent
16.5%
The DarkFrankenstein's Monster
15.7%
GatecrashNimbus Swimmer
14.9%
VisionsPhyrexian Marauder
13.2%
Magic 2014Vastwood Hydra
10.7%

You're not logged in!

Compare scores with friends on all Sporcle quizzes.
OR
Log In

Sporcle TV

Today on Sporcle TV


Watch our educational content, quiz creation guides, and fun videos on Sporcle TV.

Show Comments

Extras

Top Quizzes Today


Score Distribution

Your Account Isn't Verified!

In order to create a playlist on Sporcle, you need to verify the email address you used during registration. Go to your Sporcle Settings to finish the process.

Report this User

Report this user for behavior that violates our Community Guidelines.

Details: